000
00325pab a2200145 454500
008
180718b1990 xxu||||| |||| 00| 0 eng d
100
_a
Rao, M. Venugopala
245
_a
Caste war out in the open
260
_c
1990
300
_a
3-4
362
_a
29 Sep.
650
_a
Caste - India
773
_a
Mainstream
909
_a
5574
999
_c
5574
_d
5574